000
00310nam a2200145Ia 4500
100
_a
Lurie/Ju
650
_a
Chemistry
942
_c
BK
654
_a
Handbook
245
_a
Handbook of Analytical Chemistry
260
_b
Mir Publishers
_a
Moscow
_c
1975
082
_a
543
300
_a
488
546
_a
ENGLISH
999
_c
31817
_d
31817